[Event "Berlin Eckbauer op 15th"]
[Site "Berlin"]
[Date "2012.11.26"]
[Round "7.16"]
[White "Sell, Christopher"]
[Black "Wallmann, Bodo"]
[Result "0-1"]
[WhiteElo "1547"]
[BlackElo "1894"]
[PlyCount "124"]
[EventDate "2012.10.15"]
[EventType "swiss"]
[EventRounds "7"]
[EventCountry "GER"]
[SourceTitle "EXT 2022"]
[Source "ChessBase"]
[SourceDate "2021.10.06"]
[SourceVersion "1"]
[SourceVersionDate "2021.10.06"]
[SourceQuality "1"]

1. d4 Nf6 2. Bg5 e6 3. e4 h6 4. Bxf6 Qxf6 5. Nf3 c5 6. c3 Qd8 7. Bd3 cxd4 8. Nxd4 a6 9. 0-0 Nc6 10. Nd2 Bc5 11. N4b3 Ba7 12. Qe2 e5 13. Bc4 0-0 14. Nf3 d6 15. h3 Qe7 16. Rad1 Be6 17. Bxe6 fxe6 18. Rd3 Rad8 19. Rfd1 Bb8 20. Nh2 Ba7 21. Nf3 Rf4 22. Kh1 Qf8 23. g3 Rf6 24. Kg2 Bb8 25. R1d2 Qe7 26. Nh2 Rdf8 27. Rf3 Rxf3 28. Nxf3 Qf6 29. Nh2 Qf7 30. Rd3 Qe7 31. Nf3 Ba7 32. Nbd2 b5 33. Nf1 Qc7 34. Rd2 Ne7 35. Ne3 Qc6 36. Ng4 Ng6 37. Qe1 h5 38. Ngh2 Qc5 39. Nf1 d5 40. Qe3 Qe7 41. Qe1 Qb7 42. Ne3 dxe4 43. Ng5 Nf4+ 44. Kg1 Nd3 45. Qd1 g6 46. Rxd3 exd3 47. Qxd3 Rf6 48. Qd8+ Kg7 49. Qd6 Bb8 50. Nxe6+ Kh6 51. Qd2 Rxe6 52. Nf5+ Kh7 53. Qh6+ Kg8 54. Qg5 Qc6 55. Nh6+ Kh7 56. g4 e4 57. Kf1 Qd7 58. Ke1 e3 59. fxe3 Bg3+ 60. Ke2 Qe7 61. Qxe7+ Rxe7 62. g5 Bf4 0-1

[Event "Berlin Eckbauer op 15th"]
[Site "Berlin"]
[Date "2012.10.15"]
[Round "1.20"]
[White "Sell, Christopher"]
[Black "Grosse, Michael"]
[Result "0-1"]
[WhiteElo "1547"]
[BlackElo "1931"]
[PlyCount "94"]
[EventDate "2012.10.15"]
[EventType "swiss"]
[EventRounds "7"]
[EventCountry "GER"]
[SourceTitle "EXT 2022"]
[Source "ChessBase"]
[SourceDate "2021.10.06"]
[SourceVersion "1"]
[SourceVersionDate "2021.10.06"]
[SourceQuality "1"]

1. d4 d5 2. Nf3 Nc6 3. g3 Bg4 4. Bg2 e6 5. 0-0 Bd6 6. c4 dxc4 7. e4 e5 8. d5 Nd4 9. Be3 Bxf3 10. Bxf3 Nxf3+ 11. Qxf3 a6 12. Qg4 Qf6 13. a4 Rb8 14. Nc3 h5 15. Qg5 h4 16. Qxf6 Nxf6 17. f3 hxg3 18. hxg3 Ke7 19. Kg2 Nd7 20. f4 Rh7 21. Rh1 Rbh8 22. Rxh7 Rxh7 23. a5 exf4 24. gxf4 Bc5 25. Bd2 Rh6 26. Ra4 b5 27. axb6 Rxb6 28. Bc1 Bb4 29. Na2 Bd2 30. Rxc4 Bxc1 31. Nxc1 Rxb2+ 32. Kf3 Rb7 33. Rc3 Ra7 34. Ra3 Nc5 35. Nb3 Nxb3 36. Rxb3 Kd6 37. Ke3 Kc5 38. Kd3 a5 39. Kc3 a4 40. Ra3 g6 41. Ra2 a3 42. Kd3 Kb4 43. e5 Kb3 44. Ra1 Kb2 45. Re1 a2 46. e6 fxe6 47. dxe6 a1Q 0-1

[Event "Berlin Eckbauer op 14th"]
[Site "Berlin"]
[Date "2011.11.14"]
[Round "5.26"]
[White "Sell, Christopher"]
[Black "Stoeckel, Johannes"]
[Result "1/2-1/2"]
[WhiteElo "1541"]
[BlackElo "1879"]
[PlyCount "31"]
[EventDate "2011.10.17"]
[EventType "swiss"]
[EventRounds "7"]
[EventCountry "GER"]
[SourceTitle "EXT 2022"]
[Source "ChessBase"]
[SourceDate "2021.10.06"]
[SourceVersion "1"]
[SourceVersionDate "2021.10.06"]
[SourceQuality "1"]

1. e4 d5 2. exd5 Nf6 3. Nc3 Nxd5 4. Bc4 Nb6 5. Bb3 c5 6. d3 e6 7. Nf3 Be7 8. 0-0 0-0 9. Bf4 Bd7 10. Re1 a6 11. Qe2 Bf6 12. Be5 Bc6 13. Rad1 Bxf3 14. Qxf3 Bxe5 15. Rxe5 N8d7 16. Re2 1/2-1/2

[Event "Berlin Eckbauer op 14th"]
[Site "Berlin"]
[Date "2011.10.31"]
[Round "3.19"]
[White "Sell, Christopher"]
[Black "Mayer, Herbert"]
[Result "0-1"]
[WhiteElo "1541"]
[BlackElo "1949"]
[PlyCount "74"]
[EventDate "2011.10.17"]
[EventType "swiss"]
[EventRounds "7"]
[EventCountry "GER"]
[SourceTitle "EXT 2022"]
[Source "ChessBase"]
[SourceDate "2021.10.06"]
[SourceVersion "1"]
[SourceVersionDate "2021.10.06"]
[SourceQuality "1"]

1. e4 c6 2. d4 d5 3. Nc3 dxe4 4. Nxe4 Bf5 5. Ng3 Bg6 6. h4 h6 7. Nf3 Nd7 8. h5 Bh7 9. Bd3 Bxd3 10. Qxd3 Qc7 11. Be3 Ngf6 12. c4 e6 13. a3 0-0-0 14. b4 Bd6 15. Ne4 Nxe4 16. Qxe4 Nf6 17. Qc2 Bf4 18. 0-0-0 Bxe3+ 19. fxe3 Ng4 20. Rhe1 Kb8 21. Re2 Rd7 22. Qe4 Nf6 23. Qe5 Rhd8 24. Qxc7+ Rxc7 25. Rh1 Ne4 26. Rh4 Nd6 27. Nd2 Nf5 28. Rg4 Rcd7 29. Ne4 Kc7 30. Nc5 Re7 31. Nd3 b6 32. Kc2 f6 33. Kc3 e5 34. Re1 Nxe3 35. Rxe3 exd4+ 36. Kd2 dxe3+ 37. Ke2 Rxd3 0-1

[Event "Berlin Eckbauer op 14th"]
[Site "Berlin"]
[Date "2011.10.17"]
[Round "1.11"]
[White "Krefenstein, Sergej"]
[Black "Sell, Christopher"]
[Result "1-0"]
[WhiteElo "2025"]
[BlackElo "1541"]
[PlyCount "77"]
[EventDate "2011.10.17"]
[EventType "swiss"]
[EventRounds "7"]
[EventCountry "GER"]
[SourceTitle "EXT 2022"]
[Source "ChessBase"]
[SourceDate "2021.10.06"]
[SourceVersion "1"]
[SourceVersionDate "2021.10.06"]
[SourceQuality "1"]

1. d4 d5 2. c4 e6 3. Nf3 c6 4. g3 Nf6 5. Bg2 Nbd7 6. 0-0 Bd6 7. b3 0-0 8. Bb2 Re8 9. Ne5 c5 10. e3 Qc7 11. Nxd7 Qxd7 12. cxd5 Nxd5 13. e4 Nc7 14. dxc5 Bxc5 15. Qc2 Bf8 16. Rd1 Qc6 17. Qd2 e5 18. Na3 Bxa3 19. Bxa3 Bg4 20. Rdc1 Qa6 21. Bb2 Qb6 22. Qg5 Be2 23. Bxe5 Ne6 24. Qd2 Qb5 25. Bd6 Rad8 26. Re1 Bd3 27. e5 Nd4 28. Red1 Be2 29. Qxd4 Bxd1 30. Rxd1 Rd7 31. Bf1 Qc6 32. a4 a6 33. Bc4 b5 34. Bd5 Qc2 35. axb5 axb5 36. b4 Kh8 37. Ra1 h6 38. Ra6 Rc8 39. e6 1-0

[Event "Berlin Eckbauer op 12th"]
[Site "Berlin"]
[Date "2009.10.26"]
[Round "6.26"]
[White "Sell, Christopher"]
[Black "Steinborn, Bjoern"]
[Result "1/2-1/2"]
[WhiteElo "1528"]
[BlackElo "1377"]
[PlyCount "62"]
[EventDate "2009.09.14"]
[EventType "swiss"]
[EventRounds "7"]
[EventCountry "GER"]
[SourceTitle "EXT 2022"]
[Source "ChessBase"]
[SourceDate "2021.10.06"]
[SourceVersion "1"]
[SourceVersionDate "2021.10.06"]
[SourceQuality "1"]

1. e4 c5 2. Nc3 d6 3. g3 Nf6 4. Bg2 Nc6 5. d3 Bg4 6. f3 Bh5 7. Nge2 e5 8. 0-0 Be7 9. Be3 Nd4 10. Qd2 h6 11. h3 Qd7 12. Kh2 0-0-0 13. Bxd4 cxd4 14. Nd1 Kb8 15. c3 dxc3 16. Ndxc3 d5 17. Qc2 dxe4 18. dxe4 Qd2 19. Qxd2 Rxd2 20. g4 Bg6 21. Rab1 h5 22. g5 Nh7 23. h4 Bc5 24. Rfd1 Rhd8 25. Ng3 Rxd1 26. Rxd1 Rxd1 27. Nxd1 f6 28. gxf6 gxf6 29. Nc3 Bd4 30. Nge2 Bf2 31. Ng3 Bd4 1/2-1/2

[Event "Berlin Eckbauer op 12th"]
[Site "Berlin"]
[Date "2009.09.28"]
[Round "3.15"]
[White "Oginski, Ulrich"]
[Black "Sell, Christopher"]
[Result "1-0"]
[WhiteElo "1857"]
[BlackElo "1528"]
[PlyCount "61"]
[EventDate "2009.09.14"]
[EventType "swiss"]
[EventRounds "7"]
[EventCountry "GER"]
[SourceTitle "EXT 2022"]
[Source "ChessBase"]
[SourceDate "2021.10.06"]
[SourceVersion "1"]
[SourceVersionDate "2021.10.06"]
[SourceQuality "1"]

1. c4 f5 2. Nf3 Nf6 3. g3 g6 4. b3 Bg7 5. Bb2 d6 6. d4 0-0 7. Bg2 Qe8 8. 0-0 Nbd7 9. Nc3 h6 10. Nb5 Qd8 11. d5 e5 12. dxe6 Nc5 13. Nbd4 Nxe6 14. Nxe6 Bxe6 15. Nd4 Bc8 16. Qc2 Re8 17. Rad1 Qe7 18. e3 Rb8 19. Rc1 Ne4 20. Ne2 Nf6 21. Nf4 g5 22. Nd5 Nxd5 23. cxd5 Bxb2 24. Qxb2 Qd8 25. Rc3 Re7 26. Rfc1 b6 27. Qc2 Rb7 28. b4 a5 29. bxa5 bxa5 30. Ra3 Ra7 31. Qc3 1-0

[Event "Berlin Eckbauer op 12th"]
[Site "Berlin"]
[Date "2009.09.21"]
[Round "2.29"]
[White "Lippianowski, Stefan"]
[Black "Sell, Christopher"]
[Result "0-1"]
[WhiteElo "936"]
[BlackElo "1528"]
[PlyCount "48"]
[EventDate "2009.09.14"]
[EventType "swiss"]
[EventRounds "7"]
[EventCountry "GER"]
[SourceTitle "EXT 2022"]
[Source "ChessBase"]
[SourceDate "2021.10.06"]
[SourceVersion "1"]
[SourceVersionDate "2021.10.06"]
[SourceQuality "1"]

1. e4 d5 2. exd5 Qxd5 3. Nc3 Qd6 4. Bc4 Nf6 5. Nf3 a6 6. Ng5 Qe5+ 7. Nce4 Nxe4 8. Nxf7 Qf6 9. f3 Qh4+ 10. g3 Nxg3 11. hxg3 Qxh1+ 12. Ke2 Qg2+ 13. Ke3 Qxg3 14. Nxh8 Qe5+ 15. Kf2 Qd4+ 16. Kg2 Qxc4 17. Qh1 Qe2+ 18. Kg3 Qe5+ 19. f4 Qf5 20. Kg2 Qe4+ 21. Kg1 Qxh1+ 22. Kxh1 Bf5 23. c3 g6 24. d4 Bg7 0-1

[Event "Berlin Eckbauer op 12th"]
[Site "Berlin"]
[Date "2009.09.14"]
[Round "1.10"]
[White "Sell, Christopher"]
[Black "Biebelmann, Gerd"]
[Result "0-1"]
[WhiteElo "1528"]
[BlackElo "1905"]
[PlyCount "182"]
[EventDate "2009.09.14"]
[EventType "swiss"]
[EventRounds "7"]
[EventCountry "GER"]
[SourceTitle "EXT 2022"]
[Source "ChessBase"]
[SourceDate "2021.10.06"]
[SourceVersion "1"]
[SourceVersionDate "2021.10.06"]
[SourceQuality "1"]

1. e4 c6 2. d4 d5 3. Nc3 dxe4 4. Nxe4 Nd7 5. Bc4 Ngf6 6. Ng5 e6 7. Qe2 Nb6 8. Bb3 Be7 9. N1f3 0-0 10. 0-0 Nbd5 11. c3 b5 12. Bc2 h6 13. Ne4 Nxe4 14. Bxe4 Bd6 15. Qc2 f5 16. Bd3 Bd7 17. Re1 Qf6 18. Qe2 a6 19. Ne5 Bxe5 20. Qxe5 Qxe5 21. Rxe5 Rac8 22. Bc2 Kf7 23. Bb3 Kf6 24. Bxd5 cxd5 25. Bd2 g5 26. Rae1 Rc6 27. f4 Be8 28. Kf2 Rg8 29. a3 Bh5 30. g3 Bf7 31. R1e2 Bh5 32. Re1 Bf7 33. R1e2 Rg7 34. Re1 Bh5 35. Ra1 Rd7 36. Ree1 Rb7 37. Rec1 g4 38. Re1 Ke7 39. Re5 Kd6 40. Rh1 Rh7 41. Ree1 Rcc7 42. Ra1 Be8 43. Be3 h5 44. Bd2 Rh6 45. Be3 Rch7 46. Bd2 Kc6 47. Be3 Kb6 48. Bd2 Bd7 49. Be3 Ka5 50. Ke2 h4 51. Bf2 hxg3 52. Bxg3 Ka4 53. Kd2 Kb3 54. Kd3 Rh3 55. Kd2 a5 56. Kd3 a4 57. Kd2 Kc4 58. Kc2 Be8 59. Rab1 b4 60. axb4 Bb5 61. Ra1 Be8 62. Rae1 Bb5 63. Ra1 Bd7 64. Rae1 Bc8 65. Ra1 Bd7 66. Rae1 Kb5 67. Kd2 Kb6 68. Ra1 Bb5 69. Rae1 R7h6 70. Ra1 Bc4 71. Rac1 Kb5 72. Rce1 Rh8 73. Ra1 Bb3 74. Rae1 R8h6 75. Ra1 Kc4 76. Rae1 Ba2 77. Ra1 Kb3 78. Kd3 Kxb2 79. Rac1 Rxg3+ 80. hxg3 Rxh1 81. Rxh1 Bc4+ 82. Kd2 a3 83. Rc1 Bb5 84. Rc2+ Kb1 85. Rc1+ Kb2 86. Rc2+ Kb3 87. Rc1 a2 88. Ra1 Kb2 89. Rh1 a1Q 90. Rxa1 Kxa1 91. Kc2 Ka2 0-1

[Event "Berlin op 09"]
[Site "Berlin"]
[Date "2005.09.12"]
[Round "2"]
[White "Sell, Christopher"]
[Black "Radloff, Rainer"]
[Result "0-1"]
[WhiteElo "1432"]
[BlackElo "1559"]
[PlyCount "58"]
[EventDate "2005.09.05"]
[EventType "swiss"]
[EventRounds "7"]
[EventCountry "GER"]
[SourceTitle "EXT 2007"]
[Source "ChessBase"]
[SourceDate "2006.11.23"]
[SourceVersion "1"]
[SourceVersionDate "2006.11.23"]
[SourceQuality "1"]

1. c4 c5 2. Nf3 Nc6 3. Nc3 e6 4. d4 cxd4 5. Nxd4 Nf6 6. Nxc6 bxc6 7. Bg5 Be7 8. e3 0-0 9. Bd3 d5 10. 0-0 h6 11. h4 Ne4 12. Bxe7 Nxc3 13. Bxd8 Nxd1 14. Rfxd1 Rxd8 15. cxd5 cxd5 16. e4 Bb7 17. exd5 Bxd5 18. b3 Rac8 19. Bc4 Bxc4 20. Rxd8+ Rxd8 21. bxc4 Rd2 22. Rc1 Rxa2 23. c5 Rd2 24. Kf1 Kf8 25. Ra1 Rd7 26. c6 Rc7 27. Ra6 Ke7 28. Ke2 Kd6 29. Ke3 Kc5 0-1